Elementos para una crítica de la ciencia de la comunicación
-д хадгалсан:
| Үндсэн зохиолч: | |
|---|---|
| Формат: | Ном |
| Хэл сонгох: | испани |
| Хэвлэсэн: |
Ciudad de México
Trillas
1989
|
| Нөхцлүүд: | |
| Шошгууд: |
Шошго нэмэх
Шошго байхгүй, Энэхүү баримтыг шошголох эхний хүн болох!
|
MARC
| LEADER | 00000nam a2200000 a 4500 | ||
|---|---|---|---|
| 001 | UCY3829 | ||
| 003 | CL-VaPUC | ||
| 008 | 950119e19890000MX |||||||||||||||||spa|d | ||
| 082 | 0 | 4 | |a 302.2 |b LOP |2 21 |
| 100 | |a López Veneroni, Felipe Neri |e autor |9 332238 | ||
| 245 | 1 | 0 | |a Elementos para una crítica de la ciencia de la comunicación |
| 300 | |a 107 p | ||
| 942 | |c BK | ||
| 945 | |d 19950119 00:00:00 |a rbrito | ||
| 260 | |a Ciudad de México |b Trillas |c 1989 | ||
| 650 | 0 | |a Comunicación |9 257251 | |
| 650 | 7 | |a CIENCIAS DE LA INFORMACION |2 CL-VaPUC |9 255964 | |
| 583 | |a last modification |c 19950119 00:00:00 |k Rodrigo Vera | ||
| 999 | |c 231875 |d 231873 | ||
| 952 | |0 0 |1 0 |4 0 |6 302_200000000000000_LOP_1989 |7 0 |8 A |9 235652 |a BIBCUR |b BIBCUR |d 2019-11-15 |i 3049612 |o 302.2 LOP 1989 |p 3049612 |r 2025-04-22 |w 2019-11-15 |y BK |k PER | ||